000 00631nam a2200205 4500
003 OSt
005 20221116143934.0
008 221111b |||||||| |||| 00| 0 eng d
020 _a978 85 89039 04 8
040 _cBiblioteca Lado V
082 _a779
_bB452b
110 _9429
_aBelo Horizonte
_eautor
245 _aBlind Spaces Pacoscegos/
260 _c2007
_bCEIA
_aBrasil
300 _a54p.
_c22X21cm
650 _2Tesauro de Arte & Arquitectura
_aFOTOGRAFIA
650 _2Tesauro de Arte & Arquitectura
_aPERSONAS
650 _2Tesauro de Arte & Arquitectura
_aCIUDAD
942 _2ddc
_c1
_h779
_iB452b
_n0
999 _c2644
_d2644